| 000 | 00873nam a22002655i 4500 | ||
|---|---|---|---|
| 001 | 176795 | ||
| 003 | ES-MaACL | ||
| 005 | 20230906220201.0 | ||
| 008 | 110209s1968 sp ao |||| | spa d | ||
| 080 | _a355.40(100) | ||
| 100 | 1 |
_aNord, Pierre. _985959 |
|
| 245 | 1 | 3 |
_aLa actual guerra secreta / _cPierre Nord, Jacques Bergier ; [traducción de Manuel Cruells]. |
| 250 | _a1ª ed. | ||
| 260 |
_aBarcelona : _bPlaza & Janés, _c1968. |
||
| 300 |
_a254 p. : _bil. ; _c18 cm. |
||
| 490 | 1 |
_aEnciclopedia horizonte ; _v1 |
|
| 650 |
_aServicios de inteligencia. _9145145 |
||
| 650 | 4 |
_aEspionaje. _9145144 |
|
| 650 | 4 |
_aPolítica mundial- _y1945-1989. _9143375 |
|
| 700 | 1 |
_aBergier, Jacques. _927989 |
|
| 700 | 1 |
_aCruells, Manuel. _941767 |
|
| 830 | 1 |
_aEnciclopedia horizonte ; _v1 _9190248 |
|
| 852 |
_aES-MaACL _jE-14270 _xOlim P-1404 |
||
| 999 |
_c176795 _d176795 |
||